000 00297nam a22001337a 4500
008 170907b xxu||||| |||| 00| 0 eng d
020 _a9780582039193
041 _aeng
080 _a91
100 _a42
101 _aGJEO
245 _aCHRONICLE OF THE 20TH CENTURY
_cMERCER,D
942 _2udc
_cBK
999 _c26628
_d26628